000 00413nam a2200181Ia 4500
001 513
005 20260306140523.0
008 260306t2017||||xx |||||||||||||| ||spa||
041 _aESP
082 _a121.68
_bG12 V. 1
100 _aGadamer, Hans-Georg
_eAUT
245 0 _aVerdad y método
260 _c2017
300 _a697 páginas :
_c22 cm.
650 _aGEN
654 _aCHU
942 _cLIB
_dJUS
_fJUS
_2ddc
_n
999 _c513
_d513